Les Français les plus médaillés aux JO par discipline (été) - Statistiques

Statistiques générales
  • Ce quiz a été pris 51 fois
    6 depuis la dernière actualisation
  • Le résultat moyen est 46 sur 261
Statistiques - réponses
Hint Réponse % Correct
Natation Homme 4 médailles Alain {Bernard}
100%
Athlétisme Femme 3 médailles Marie-José {Pérec}
100%
Judo Homme 3 médailles David {Douillet}
83%
Natation Homme 6 médailles Florent {Manaudou}
83%
Tennis de table Homme 2 médailles Jean-Philippe {Gatien}
83%
Natation Femme 3 médailles Laure {Manaudou}
83%
Natation Homme 4 médailles Léon {Marchand}
83%
Handball Homme 4 médailles Nikola {Karabatic}
83%
Judo Homme 7 médailles Teddy {Riner}
83%
Handball Homme 3 médailles Thierry {Omeyer}
83%
Canoé-Kayak Homme 3 médailles Tony {Estanguet}
83%
Natation Homme 3 médailles Yannick {Agnel}
83%
Athlétisme Homme 4 médailles Alain {Mimoun}
67%
Volley-ball Homme 2 médailles Benjamin {Toniutti}
67%
Natation Femme 3 médailles Camille {Muffat}
67%
Triathlon Femme 1 médaille Cassandre {Beaugrand}
67%
Handball Homme 3 médailles Daniel {Narcisse}
67%
Volley-ball Homme 2 médailles Earvin {Ngapeth}
67%
Cyclisme Homme 4 médailles Florian {Rousseau}
67%
Cyclisme Homme 4 médailles Grégory {Baugé}
67%
Cyclisme Femme 4 médailles Jeannie {Longo}
67%
Volley-ball Homme 2 médailles Jean {Patry}
67%
Volley-ball Homme 2 médailles Jenia {Grebennikov}
67%
Volley-ball Homme 2 médailles Kévin {Tillie}
67%
Judo Femme 4 médailles Romane {Dicko}
67%
Judo Femme 4 médailles Sarah-Léonie {Cysique}
67%
Karaté Homme 1 médaille Steven {Da Costa}
67%
Tennis Femme 3 médailles Suzanne {Lenglen}
67%
Volley-ball Homme 2 médailles Trévor {Clévenot}
67%
Handball Femme 2 médailles Allison {Pineau}
50%
Taekwondo Femme 1 médaille Althéa {Laurin}
50%
Judo Femme 4 médailles Amandine {Buchard}
50%
Volley-ball Homme 2 médailles Antoine {Brizard}
50%
Cyclisme Homme 4 médailles Arnaud {Tournant}
50%
Volley-ball Homme 2 médailles Barthélémy {Chinenyeze}
50%
voile Femme 3 médailles Charline {Picon}
50%
Escrime Homme 6 médailles Christian {Jonquères d'Oriola}
50%
Judo Femme 5 médailles Clarisse {Agbegnenou}
50%
Cyclisme Homme 5 médailles Daniel {Morelon}
50%
Triathlon Homme 1 médaille Dorian {Coninx}
50%
Pentathlon moderne Femme 1 médaille Elodie {Clouvel}
50%
Boxe Femme 1 médaille Estelle {Mossely}
50%
Cyclisme Femme 3 médailles Félicia {Ballanger}
50%
Escrime Homme 4 médailles Georges {Buchard}
50%
Aviron Homme 2 médailles Jacques {Morel}
50%
Escrime Homme 5 médailles Jean-François {Lamour}
50%
Escrime Femme 5 médailles Laura {Flessel}
50%
Handball Homme 4 médailles Luc {Abalo}
50%
Judo Homme 3 médailles Luka {Mkheidze}
50%
Judo Femme 3 médailles Madeleine {Malonga}
50%
Athlétisme Homme 3 médailles Mahiedine {Mekhissi}
50%
Handball Homme 4 médailles Michael {Guigou}
50%
Equitation Homme 4 médailles Pierre {Jonquères d'Oriola}
50%
Basket Femme 2 médailles Sandrine {Gruda}
50%
Triathlon Homme 1 médaille Vincent {Luis}
50%
Volley-ball Homme 2 médailles Yacine {Louati}
50%
Handball Femme 2 médailles Alexandra {Lacrabère}
33%
Handball Femme 2 médailles Amandine {Leynaud}
33%
Natation Homme 4 médailles Amaury {Leveaux}
33%
Judo Homme 4 médailles Angelo {Parisi}
33%
Taekwondo Femme 1 médaille Anne-Caroline {Graffe}
33%
Handball Femme 2 médailles Béatrice {Edwige}
33%
Natation Homme 3 médailles Fabien {Gilot}
33%
Handball Femme 2 médailles Grace {Zaadi}
33%
Taekwondo Femme 1 médaille Gwladys {Epangue}
33%
Natation Homme 3 médailles Hugues {Duboscq}
33%
Natation Homme 3 médailles Jérémy {Stravius}
33%
Tir à l'arc Homme 3 médailles Léon {Epin}
33%
Triathlon Femme 1 médaille Léonie {Périault}
33%
Athlétisme Femme 3 médailles Micheline {Ostermeyer}
33%
Volley-ball Homme 2 médailles Nicolas {Le Goff}
33%
Escrime Femme 3 médailles Pascale {Trinquet}
33%
Taekwondo Homme 2 médailles Pascal {Gentil}
33%
Lutte Homme 2 médailles Steeve {Guénot}
33%
Rugby à VII Femme 1 médaille Anne-Cécile {Ciofani}
17%
Femmes 1992 Baseball
17%
Hommes 1992 Baseball
17%
Rugby à VII Femme 1 médaille Carla {Neisen}
17%
Rugby à VII Femme 1 médaille Caroline {Drouin}
17%
Aviron Femme 1 médaille Claire {Bové}
17%
Volley-ball Homme 1 médaille Daryl {Bultor}
17%
Canoé-Kayak Femme 1 médaille Emilie {Fer}
17%
Femmes 2020 Escalade
17%
Hommes 2020 Escalade
17%
Handball Femme 2 médailles Estelle {Nze Minko}
17%
Canoé-Kayak Homme 2 médailles Frank {Adisson}
17%
Femmes 2000 Haltérophilie
17%
Escrime Homme 3 médailles Hugues {Obry}
17%
Aviron Homme 2 médailles Jean-Christophe {Rolland}
17%
Boxe Homme 2 médailles Jérôme {Thomas}
17%
Aviron Femme 1 médaille Laura {Tarantola}
17%
Canoé-Kayak Femme 1 médaille Myriam {Fox-Jerusalmi}
17%
Basket Femme 2 médailles Nwal-Endéné {Miyem}
17%
Escrime Homme 3 médailles Philippe {Boisse}
17%
Escrime Homme 6 médailles Philippe {Riboud}
17%
Boxe Femme 1 médaille Sarah {Ourahmoune}
17%
Rugby à VII Femme 1 médaille Séraphine {Okemba}
17%
Femmes 2020 Skateboard
17%
Hommes 2020 Skateboard
17%
Femmes 2020 Surf
17%
Hommes 2020 Surf
17%
Natation synchronisée Femme 1 médaille Virginie {Dedieu}
17%
Canoé-Kayak Homme 2 médailles Wilfrid {Forgues}
17%
Tir Homme 5 médailles Achille {Paroche}
0%
Rugby à XV Homme 2 médailles Adolphe {Bousquet}
0%
Voile Homme 2 médailles Albert {Duval}
0%
Gymnastique artistique Homme 3 médailles Albert {Seguin}
0%
Escrime Homme 5 médailles Alexandre {Lippmann}
0%
Gymnastique artistique Homme 3 médailles André {Higelin}
0%
Equitation Homme 5 médailles André {Jousseaume}
0%
Escrime Homme 4 médailles André {Labatut}
0%
Lutte Femme 1 médaille Anna {Gomis}
0%
Canoé-Kayak Femme 1 médaille Anne-Laure {Viard}
0%
Canoé-Kayak Femme 1 médaille Anne-Lise {Bardet}
0%
Escrime Homme 3 médailles Armand {Massard}
0%
Cricket Homme 1 médaille Arthur {McEvoy}
0%
Tir à l'arc Homme 3 médailles Artur {Mabellon}
0%
Voile Homme 2 médailles Auguste {Albert}
0%
Voile Homme 2 médailles Auguste {Godinet}
0%
Voile Homme 2 médailles Auguste {Texier}
0%
Femmes 1992 Badminton
0%
Hommes 1992 Badminton
0%
Hommes 1936 Basket
0%
Femmes 1996 Beach-volley
0%
Hommes 1996 Beach-volley
0%
Canoé-Kayak Homme 2 médailles Bernard {Brégeon}
0%
Escrime Homme 3 médailles Bernard {Schmetz}
0%
Escrime Homme 3 médailles Bernard {Talvard}
0%
Handball Femme 2 médailles Blandine {Dancette}
0%
Escrime Femme 3 médailles Brigitte {Gaudin}
0%
Canoé-Kayak Femme 1 médaille Brigitte {Guibal}
0%
Rugby à VII Femme 1 médaille Camille {Grassineau}
0%
Voile Homme 2 médailles Camille {Lecointre}
0%
Tir à la corde Homme 1 médaille Charles {Gondouin}
0%
Voile Homme 2 médailles Charles {Hugo}
0%
Equitation Homme 3 médailles Charles {Marion}
0%
Lutte Homme 2 médailles Charles {Pacôme}
0%
Rugby à VII Femme 1 médaille Chloé {Jacquet}
0%
Rugby à VII Femme 1 médaille Chloé {Pelle}
0%
Croquet Homme 2 médailles Chrétien {Waydelich}
0%
Escrime Homme 5 médailles Christian {Noël}
0%
Aviron Femme 1 médaille Christine {Gossé}
0%
Rugby à VII Femme 1 médaille Coralie {Bertrand}
0%
Escrime Homme 3 médailles Damien {Touya}
0%
Escrime Homme 6 médailles Daniel {Revenu}
0%
Lutte Homme 2 médailles Daniel {Robin}
0%
Tir Femme 2 médailles Delphine {Racinet}
0%
Pentathlon moderne Homme 1 médaille Didier {Boubé}
0%
Canoé-Kayak Homme 2 médailles Didier {Hoyer}
0%
Aviron Homme 2 médailles Dorian {Mortelette}
0%
Escrime Homme 3 médailles Edward {Gardère}
0%
Voile Homme 2 médailles Emile {Michelet}
0%
Tir à la corde Homme 1 médaille Emile {Sarrade}
0%
Motonautisme Homme 1 médaille Emile {Thubron}
0%
Gymnastique artistique Femme 1 médaille Emilie {Le Pennec}
0%
Escrime Homme 4 médailles Eric {Srecki}
0%
Pelote basque Homme 1 médaille {Etchegaray}
0%
Tir à l'arc Homme 4 médailles Eugène {Grisot}
0%
Tir à l'arc Homme 3 médailles Eugène {Richez}
0%
Canoé-Kayak Homme 2 médailles Fabien {Lefèvre}
0%
Escrime Homme 3 médailles Fabrice {Jeannet}
0%
Rugby à VII Femme 1 médaille Fanny {Horta}
0%
Voile Homme 2 médailles Félix {Michelet}
0%
Femmes 1996 Football
0%
Hommes 1900 Football
0%
Tir à la corde Homme 1 médaille Francisco {Henriquez de Zubiria}
0%
Rugby à XV Homme 2 médailles François {Borde}
0%
Voile Homme 2 médailles François {Texier}
0%
Voile Homme 2 médailles François {Vilamitjana}
0%
Escrime Homme 3 médailles Frédéric{Pietruszka}
0%
Escrime Homme 3 médailles Gaston {Amson}
0%
Croquet Homme 2 médailles Gaston {Aumoitte}
0%
Aviron Homme 2 médailles Gaston {Mercier}
0%
Canoé-Kayak Homme 3 médailles Georges {Dransart}
0%
Canoé-Kayak Homme 2 médailles Georges {Gandil}
0%
Croquet Homme 2 médailles Georges {Johin}
0%
Escrime Homme 3 médailles Georges {Trombert}
0%
Aviron Homme 2 médailles Germain {Chardin}
0%
Femmes 2012 Golf
0%
Hommes 1900 Golf
0%
Cyclisme Homme 3 médailles Guy {Lapébie}
0%
Equitation Homme 3 médailles Guy {Lefrant}
0%
Femmes 1984 Gymnastique rythmique
0%
Taekwondo Femme 1 médaille Haby {Niaré}
0%
Aviron Femme 1 médaille Hélène {Cortin}
0%
Canoé-Kayak Homme 2 médailles Henri {Eberhardt}
0%
Voile Homme 2 médailles Henri {Mialaret}
0%
Water-polo Homme 2 médailles Henri {Padou}
0%
Femmes 1976 Hockey-sur-gazon
0%
Hommes 1908 Hockey-sur-gazon
0%
Voile Homme 2 médailles Jacques {Baudrier}
0%
Equitation Homme 3 médailles Jacques {Cariou}
0%
Voile Homme 2 médailles Jacques {Doucet}
0%
Escrime Homme 3 médailles Jacques {Lataste}
0%
Rugby à VII Femme 1 médaille Jade {Ulutule}
0%
Equitation Femme 2 médailles Janou {Lefebvre}
0%
Voile Homme 2 médailles Jean-Baptiste {Charcot}
0%
Escrime Homme 4 médailles Jean-Claude {Magnan}
0%
Tir à la corde Homme 1 médaille Jean {Collas}
0%
Gymnastique artistique Homme 3 médailles Jean {Gounot}
0%
Escrime Homme 4 médailles Jean-Michel {Henry}
0%
Pentathlon moderne Homme 1 médaille Jean-Pierre {Giudicelli}
0%
Escrime Homme 3 médailles Jehan de {Buhan}
0%
Pentathlon moderne Homme 1 médaille Joël {Bouzou}
0%
Tir à la corde Homme 1 médaille Joseph {Roffo}
0%
Tir à l'arc Homme 5 médailles Julien {Brulé}
0%
Escrime Homme 3 médailles Julien {Pillet}
0%
Femmes 2020 Karaté
0%
Tir à l'arc Homme 4 médailles Léonce {Quentin}
0%
Cyclisme Homme 3 médailles Léon {Flameng}
0%
Tir Homme 3 médailles Léon {Moreaux}
0%
Voile Homme 2 médailles Léon {Susse}
0%
Rugby à VII Femme 1 médaille Lina {Guérin}
0%
Lutte Femme 1 médaille Lise {Legrand}
0%
Cyclisme Homme 3 médailles Louis {Chaillot}
0%
Haltérophilie Homme 3 médailles Louis {Hostin}
0%
Escrime Homme 7 médailles Lucien {Gaudin}
0%
Pentathlon moderne Homme 1 médaille Lucien {Guiguet}
0%
Voile Homme 2 médailles Luc {Pillot}
0%
Plongeon Femme 1 médaille Mady {Moreau}
0%
Escrime Femme 3 médailles Manon {Apithy-Brunet}
0%
Canoé-Kayak Femme 1 médaille Marie {Delattre}
0%
Taekwondo Femme 1 médaille Marlène {Harnois}
0%
Aviron Homme 2 médailles Maurice {Bouton}
0%
Pelote basque Homme 1 médaille Maurice {Durquetty}
0%
Tir Homme 3 médailles Maurice {Lecoq}
0%
Tennis Homme 3 médailles Max {Decugis}
0%
Aviron Homme 2 médailles Michel {Andrieux}
0%
Taekwondo Femme 1 médaille Myriam {Baverel}
0%
Natation synchronisée Femme 1 médaille Myriam {Lignot}
0%
Voile Homme 2 médailles Nicolas {Hérard}
0%
Aviron Homme 2 médailles Noël {Vandernotte}
0%
Tir à l'arc Homme 3 médailles Pascal {Fauvel}
0%
Escrime Homme 3 médailles Pascal {Jolyot}
0%
Aviron Homme 2 médailles Pascal {Touron}
0%
Tir Homme 4 médailles Paul {Colas}
0%
Water-polo Homme 2 médailles Paul {Dujardin}
0%
Pentathlon moderne Homme 1 médaille Paul {Four}
0%
Tir Homme 3 médailles Paul {Johnson}
0%
Tir à l'arc Homme 3 médailles Paul {Leroy}
0%
Cyclisme Homme 3 médailles Paul {Masson}
0%
Escrime Homme 8 médailles Philippe {Cattiau}
0%
Voile Homme 2 médailles Pierre {Gervais}
0%
Cyclisme Homme 4 médailles Pierre {Trentin}
0%
Pentathlon moderne Homme 1 médaille Raoul {Gueguen}
0%
Escrime Homme 3 médailles René {Bougnol}
0%
Cyclisme Homme 3 médailles Robert {Charpentier}
0%
Voile Homme 2 médailles Robert {Linzeler}
0%
Tir à la corde Homme 1 médaille Roger {Basset}
0%
Escrime Homme 8 médailles Roger {Ducret}
0%
Hommes 2016 Rugby à VII
0%
Rugby à VII Femme 1 médaille Shannon {Izar}
0%
Femmes 1988 Tennis de table
0%
Voile Homme 2 médailles Thierry {Péponnet}
0%
Cricket Homme 1 médaille Timothée {Jordan}
0%
Femmes 2000 Tir à l'arc
0%
Femmes 2000 Trampoline
0%
Hommes 2000 Trampoline
0%
Femmes 1964 Volley-ball
0%
Femmes 2000 Water polo
0%
Equitation Homme 3 médailles Xavier {Lesage}
0%
Aucun quiz correspondant
Distribution des résultats
% des personnes avec chaque résultat
Percentile par nombre de réponses
Votre historique - résultats
Vous n’avez pas pris ce quiz depuis la dernière actualisation